Resume Writing and Job Search HandBook (CD only) (Record no. 327252)

000 -LEADER
fixed length control field 00489 a2200157 4500
001 - CONTROL NUMBER
control field 92179
082 ## - DEWEY DECIMAL CLASSIFICATION NUMBER
Classification number N-6261-2
090 ## - LOCALLY ASSIGNED LC-TYPE CALL NUMBER (OCLC); LOCAL CALL NUMBER (RLIN)
-- 44141
-- 44140
100 ## - MAIN ENTRY--PERSONAL NAME
Personal name Atiya Zulfiqar; Carrier Advisory Cell NUST
245 ## - TITLE STATEMENT
Title Resume Writing and Job Search HandBook (CD only)
Remainder of title NUST
Medium on CD
260 ## - PUBLICATION, DISTRIBUTION, ETC.
Place of publication, distribution, etc. Islamabad
Name of publisher, distributor, etc. NUST
Date of publication, distribution, etc. 2015
300 ## - PHYSICAL DESCRIPTION
Extent CD only
500 ## - GENERAL NOTE
General note CD/DVD
520 ## - SUMMARY, ETC.
Summary, etc. CV writing; curriculum vitae writing skill
610 ## - SUBJECT ADDED ENTRY--CORPORATE NAME
Corporate name or jurisdiction name as entry element national university of science and technology Pakistan
942 ## - ADDED ENTRY ELEMENTS (KOHA)
Institution code [OBSOLETE] CAE NUST
Koha item type CD,DVDs
Call number prefix N-6261-2
Holdings
Withdrawn status Lost status Damaged status Not for loan Collection code Permanent Location Current Location Date acquired Total Checkouts Full call number Barcode Date last seen Price effective from Koha item type
          College of Aeronautical Engineering (CAE) College of Aeronautical Engineering (CAE) 04/03/2017   N-6261-2 CAEN-6261 04/05/2017 04/05/2017 Book
          College of Aeronautical Engineering (CAE) College of Aeronautical Engineering (CAE) 04/03/2017   N-6261-2 CAEN-6262 04/05/2017 04/05/2017 Book
© 2023 Central Library, National University of Sciences and Technology. All Rights Reserved.